La pensée de Saint Paul
Saved in:
| 主要作者: | |
|---|---|
| 格式: | 圖書 |
| 語言: | 法语 |
| 出版: |
Nueva York
Maison Francaise
1941
|
| 主題: | |
| 標簽: |
添加標簽
沒有標簽, 成為第一個標記此記錄!
|
MARC
| LEADER | 00000nam a2200000 a 4500 | ||
|---|---|---|---|
| 001 | UCH4961 | ||
| 003 | CL-VaPUC | ||
| 008 | 090916e19410000US |||||||||||||||||fre|d | ||
| 082 | 0 | 4 | |a 922.22 |b MAR |2 21 |
| 100 | |a Maritain, Jacques |e autor |9 255680 | ||
| 245 | 1 | 3 | |a La pensée de Saint Paul |
| 300 | |a 252 p | ||
| 942 | |c BK | ||
| 945 | |d 20090916 00:00:00 |a rbrito | ||
| 260 | |a Nueva York |b Maison Francaise |c 1941 | ||
| 600 | 0 | 7 | |a SAN PAUL |2 CL-VaPUC |9 541051 |
| 650 | 0 | |a Biografías |9 255210 | |
| 650 | 0 | |a Vida religiosa |9 257284 | |
| 583 | |a last modification |c 20090916 00:00:00 |k Rodrigo Vera | ||
| 999 | |c 336193 |d 336191 | ||
| 952 | |0 0 |1 0 |4 0 |6 922_220000000000000_MAR_1941 |7 0 |8 X |9 427176 |a FDOBUD |b FDOBUD |d 2019-11-22 |i 4598199 |o 922.22 MAR 1941 |p 4598199 |r 2019-11-22 |w 2019-11-22 |y BK_X |k BUD | ||